000 00464nam a2200193Ia 4500
005 20240823025950.0
008 240823s9999||||xx |||||||||||||| ||und||
020 _a978-81-317-2964-9
041 _aENGLISH
082 _A658.3 Q0
100 _aStephen P Raabinson
245 4 _aThe Truth about Managing People
250 _a1st
260 _c2010
_bKizhakku Pathi
500 _aYES
650 _aManageing people
_bGeneral
942 _cBK
999 _c187571
_d187571